|
|
|
|
| LEADER |
01349nam a2200373 4500 |
| 001 |
DLU060051873 |
| 005 |
##20060322 |
| 008 |
##000804s2001 njua b 001 0 eng |
| 010 |
# |
# |
|a 00062461
|
| 020 |
# |
# |
|a 013861055X
|
| 040 |
# |
# |
|a DLC
|c DLC
|d DLC
|
| 050 |
# |
# |
|a BF39
|b .T476 2001
|
| 082 |
# |
# |
|a 150.151 95
|b TH-R
|
| 100 |
# |
# |
|a Thorndike, Robert M.
|
| 245 |
# |
# |
|a Basic statistics for the behavioral sciences /
|c Robert M. Thorndike, Dale L. Dinnel.
|
| 260 |
# |
# |
|a Upper Saddle River, N.J. :
|b Merrill Prentice Hall,
|c c2000.
|
| 300 |
# |
# |
|a xx, 550 p. :
|b ill. ;
|c 28 cm. +
|e 1 computer optical disc (4 3/4 in.)
|
| 500 |
# |
# |
|a Title on accompanying CD-ROM: Data sets to accompany Basic statistics for the behavioral sciences.
|
| 504 |
# |
# |
|a Includes bibliographical references and index.
|
| 538 |
# |
# |
|a System requirements for accompanying CD-ROM: Windows 95 or higher or Macintosh OS 7 or higher; SPSS 8.0 or higher; CD-ROM drive.
|
| 650 |
# |
# |
|a Education
|x Statistics.
|
| 650 |
# |
# |
|a Psychometrics.
|
| 700 |
# |
# |
|a Dinnel, Dale L.
|
| 740 |
# |
# |
|a Data sets to accompany Basic statistics for the behavioral sciences.
|
| 923 |
# |
# |
|a 01/2006
|
| 992 |
# |
# |
|a 28.500
|
| 994 |
# |
# |
|a DLU
|
| 900 |
# |
# |
|a True
|
| 911 |
# |
# |
|a Đào Thị Thu Huyền
|
| 925 |
# |
# |
|a G
|
| 926 |
# |
# |
|a A
|
| 927 |
# |
# |
|a SH
|
| 980 |
# |
# |
|a Thư viện Trường Đại học Đà Lạt
|